My sermon notes on parables and metaphors. (Record no. 7386)

000 -LEADER
fixed length control field 00708nam a2200205 a 4500
001 - CONTROL NUMBER
control field :::00005147$&:&@@
003 - CONTROL NUMBER IDENTIFIER
control field OkBaRHE
005 - DATE AND TIME OF LATEST TRANSACTION
control field 20000607103323.0
008 - FIXED-LENGTH DATA ELEMENTS--GENERAL INFORMATION
fixed length control field s1947 j 000 0 eng u
040 ## - CATALOGING SOURCE
Transcribing agency
100 1# - MAIN ENTRY--PERSONAL NAME
Personal name Van Wyk, William P.
245 10 - TITLE STATEMENT
Title My sermon notes on parables and metaphors.
260 ## - PUBLICATION, DISTRIBUTION, ETC. (IMPRINT)
Place of publication, distribution, etc Grand Rapids, MI., :
Name of publisher, distributor, etc Baker Book House
Date of publication, distribution, etc c1947
300 ## - PHYSICAL DESCRIPTION
Extent 110 p. ;
Dimensions 20 cm.
650 ## - SUBJECT ADDED ENTRY--TOPICAL TERM
Topical term or geographic name as entry element Jesus Christ
General subdivision Parables
-- Sermons
-- Outlines
650 ## - SUBJECT ADDED ENTRY--TOPICAL TERM
Topical term or geographic name as entry element Sermons
General subdivision Outlines
942 ## - ADDED ENTRY ELEMENTS (KOHA)
Source of classification or shelving scheme
Koha item type Books
Copies
Withdrawn status Barcode Price effective from Source of classification or shelving scheme Damaged status Date acquired Koha item type Shelving location Not for loan Permanent Location Full call number Lost status Copy number Date last seen
 51472010-04-14  2010-04-14BooksGeneral Stacks RHEMA Bible Training CollegeBT 375 .V3 12010-04-14
 160152010-04-14  2010-04-14BooksGeneral Stacks RHEMA Bible Training CollegeBT 375 .V3 22010-04-14